000 00766nam a2200241 i 4500
001 bgj
100 1 _aMARSDEN, Bob
245 1 0 _aPeople and Places :
_bBritish life and culture for students of English : teacher's guide /
_cBob Marsden and Nick McIver.
260 _aLondon :
_bBBC English,
_c1992.
300 _aIX, 97 pp ;
_c27 cm.
505 _aIncludes transcripts.
650 9 _aEnglish language
_xSpoken English
651 9 _aGreat Britain
_xSocial life and culture
655 _aTextbooks for foreigners
655 _aProblems, excercises, etc.
700 1 _aMCIVER, Nick.
_eco-author
020 _a1854971565 (pbk)
040 _cBPK
041 0 _aeng
920 _a1-85497-156-5 (pbk)
942 _cKS
008 s uk f |000 0 eng
999 _c50137
_d50137